Statistics for Hottest Women Of All Time - Picture Quiz

Click here to take the quiz!

General Stats

  • This quiz has been taken 363 times
  • The average score is 8 of 20

Answer Stats

Answer% Correct
Jennifer Aniston
87%
Marilyn Monroe
86%
Scarlett Johansson
75%
Shakira
74%
Angelina Jolie
71%
Britney Spears
71%
Madonna
57%
Megan Fox
57%
Pamela Anderson
50%
Heidi Klum
32%
Anna Nicole Smith
18%
Sharon Stone
18%
Heather Locklear
15%
Jane Fonda
14%
Jenny McCarthy
13%
Raquel Welch
12%
Christie Brinkley
11%
Ursula Andress
10%
Bettie Page
8%
Catherine Deneuve
8%

Score Distribution

Percentile by Number Answered

Percent of People with Each Score

Your Score History

You have not taken this quiz